| 000 | 01064nam a2200229Ia 4500 | ||
|---|---|---|---|
| 003 | Ost | ||
| 005 | 20260507075126.0 | ||
| 008 | 260507s9999||||xx |||||||||||||| ||und|| | ||
| 020 | _a219345977 | ||
| 040 | _cfsecg | ||
| 041 | _aara | ||
| 082 | _a330 | ||
| 100 |
_aكريك، نوتس _eمؤلف |
||
| 245 | 0 |
_aإدارة التسويق والمبيعات / _c نوتس كريك |
|
| 260 |
_aالقاهرة: _bدار الفاروق, _c2006 |
||
| 300 |
_a96 صفحة؛ _bإيضاحات ؛ _c24 سم |
||
| 520 | _aالخطوات الأولى في عالم التسويق-إتقان العملية الخاصة بإدارة المبيعات-طرق الإقفال الخاصة بإدارة المبيعات-طرق الإقفال المتعلقة بعمليات البيع-عوامل النجاح الخاصة بمجالي التسويق والمبيعات-استخدام الشهادات التي يدلي بها العملاء | ||
| 653 | _aإدارة التسويق | ||
| 653 | _aأدارة المبيعات | ||
| 653 | _aالتسويق | ||
| 942 | _cكتاب | ||
| 999 |
_c43150 _d43150 |
||